Normal view
MARC view
- Aqeel Ahmed Qureshi
Entry Personal Name
001 - CONTROL NUMBER
- control field: 13731
003 - CONTROL NUMBER IDENTIFIER
- control field: NUST
005 - DATE AND TIME OF LATEST TRANSACTION
- control field: 20190227100702.0
008 - FIXED-LENGTH DATA ELEMENTS
- fixed length control field: 190227|| aca||aabn | a|a d
040 ## - CATALOGING SOURCE
- Original cataloging agency: NUST
- Transcribing agency: NUST
100 ## - HEADING--PERSONAL NAME
- Personal name: Aqeel Ahmed Qureshi
670 ## - SOURCE DATA FOUND
- Source citation: Work cat.: (NUST)24505: Aqeel Ahmed Qureshi, MS- Thesis:Design and Analytical Modeling of a Complete transmit Receive Module(TRM) for Applications in Active Microwave Sensors, September,2011.
